000
00266nam a22001097a 4500
082
_a
621.46 SIS'I
100
_a
SISKIND, C. S
_9
59131
245
_a
INDUCTION MOTORS SINGLE PHASE AND POLYPHASE
260
_a
NEWYORK
_b
MCGRAW HILL
_c
1958
300
_a
390P
942
_c
BK
999
_c
569180
_d
569180